00684pam a2200193 a 4500020001500000082002800015100003600043245004300079260004900122300003300171500002000204500006500224526003700289650001300326650002600339942001200365999001900377952009400396 a089874414800a539.74bEVAcL-7, P-27.1 aEvans, Robley Dunglison,94009614aThe atomic nucleus /cRobley D. Evans. aMalabar, Fla. :bR.E. Krieger,c1982, c1955. axv, 972 p. :bill. ;c24 cm. aIncludes index. aReprint. Originally published: New York : McGraw-Hill, 1955. a0b0c0d539_740000000000000_EVA 0aMCE9379 0aNuclear physics.9259 2ddccBK c544463d544463 00102ddc4070aMCEbMCEd2014-04-21l0o539.74 EVApMCE-581r2014-04-21w2014-04-21yBK